| 000 | 00933nam a2200289 a 4500 | ||
|---|---|---|---|
| 001 | 6134 | ||
| 003 | BD-RjUL | ||
| 005 | 20211208234206.0 | ||
| 008 | 140109s1983 mdua 001 0 eng | ||
| 020 | _a0893032077 : | ||
| 020 | _a0893032069 (pbk.) : | ||
| 035 | _a(BD-RjUL)6173 | ||
| 040 |
_aDLC _cDLC _dDLC _dBD-RjUL _beng |
||
| 041 | _aeng | ||
| 082 | 0 | 0 |
_219 _a001.64 _bZIO 1983 |
| 100 | 1 |
_aZimmerman, Steven M. _919298 |
|
| 245 | 1 | 0 |
_aOSBORNE users guide : _bapplications and programming / _cby Steven M. Zimmerman, Leo M. Conrad, Larry Joel Goldstein. |
| 260 |
_aBowie, Md. : _bR.J. Brady, _cc1983. |
||
| 300 |
_aviii, 256 p. : _bill. ; _c25 cm. |
||
| 504 | _aIncludes index. | ||
| 650 | 0 |
_aOsborne 1 (Computer) _xProgramming. _919299 |
|
| 650 | 0 |
_aBASIC (Computer program language) _919300 |
|
| 700 | 1 |
_aConrad, Leo M. _919301 |
|
| 700 | 1 |
_aGoldstein, Larry Joel. _919302 |
|
| 942 |
_2ddc _cBK |
||
| 999 |
_c6134 _d6134 |
||